Elements of economics

Αποθηκεύτηκε σε:
Λεπτομέρειες βιβλιογραφικής εγγραφής
Κύριος συγγραφέας: Peterson, Wallace C.
Μορφή: Βιβλίο
Γλώσσα:English
Δημοσίευση: New York : Norton, [1973]
Θέματα:
Ετικέτες: Προσθήκη ετικέτας
Δεν υπάρχουν, Καταχωρήστε ετικέτα πρώτοι!

MARC

LEADER 00000nam a2200000 i 4500
001 1/31768
008 950810s1973 eng d
020 |a 0393094170 
035 |l 10023637 
040 |a GR-MY-UA  |b gre  |e aacr 
041 0 |a eng 
082 0 |a 330 
100 1 |a Peterson, Wallace C. 
245 1 0 |a Elements of economics /  |c [by] Wallace C. Peterson 
260 |a New York :   |b Norton,   |c [1973] 
300 |a xiv, 542 p;  |b illus;  |c 24 cm 
504 |a Bibliography: p. 505-511 
650 0 0 |a Economics. 
852 |a INST  |b CHIOS  |e 19950810  |h 330 PET  |p 005200001201  |q 005200001201  |t BK  |y 0 
909 |a Χ  |b 013349